000 00740nam a2200241 i 4500
001 42539
003 ES-MaACL
005 20230906160630.0
007 t|
008 070403s2002 sp ||||1| spa d
020 _a84-8460-202-8
080 _a929 Marina, José Antonio (047.53)
100 1 _aPreciado, Nativel.
_993733
245 1 0 _aHablemos de la vida /
_cNativel Preciado y José Antonio Marina.
260 _aMadrid :
_bTemas de Hoy,
_c2002.
300 _a207 p. ;
_c23 cm.
490 1 _aTiempo de encuentro
600 1 4 _aMarina, José Antonio-
_vEntrevistas.
_976823
700 1 _aMarina, José Antonio.
_976822
830 0 _aTiempo de encuentro
_9179880
852 _aES-MaACL
_jL-26130
_bR.131755
999 _c42539
_d42539